<?xml version="1.0" encoding="UTF-8"?><?xml-stylesheet type="text/xsl" href="static/style.xsl"?><OAI-PMH xmlns="http://www.openarchives.org/OAI/2.0/" xmlns:xsi="http://www.w3.org/2001/XMLSchema-instance" xsi:schemaLocation="http://www.openarchives.org/OAI/2.0/ http://www.openarchives.org/OAI/2.0/OAI-PMH.xsd"><responseDate>2026-04-29T04:08:49Z</responseDate><request verb="GetRecord" identifier="oai:repisalud.isciii.es:20.500.12105/10536" metadataPrefix="marc">https://repisalud.isciii.es/rest/oai/request</request><GetRecord><record><header><identifier>oai:repisalud.isciii.es:20.500.12105/10536</identifier><datestamp>2024-05-21T11:02:19Z</datestamp><setSpec>com_20.500.12105_2203</setSpec><setSpec>com_20.500.12105_2202</setSpec><setSpec>col_20.500.12105_19505</setSpec><setSpec>col_20.500.12105_19585</setSpec></header><metadata><record xmlns="http://www.loc.gov/MARC21/slim" xmlns:dcterms="http://purl.org/dc/terms/" xmlns:doc="http://www.lyncode.com/xoai" xmlns:xsi="http://www.w3.org/2001/XMLSchema-instance" xsi:schemaLocation="http://www.loc.gov/MARC21/slim http://www.loc.gov/standards/marcxml/schema/MARC21slim.xsd">
   <leader>00925njm 22002777a 4500</leader>
   <datafield ind2=" " ind1=" " tag="042">
      <subfield code="a">dc</subfield>
   </datafield>
   <datafield ind2=" " ind1=" " tag="720">
      <subfield code="a">Instituto de Salud Carlos III. Centro Nacional de Epidemiología</subfield>
      <subfield code="e">author</subfield>
   </datafield>
   <datafield ind2=" " ind1=" " tag="260">
      <subfield code="c">2013-02-03</subfield>
   </datafield>
   <datafield ind2=" " ind1=" " tag="520">
      <subfield code="a">En la tercera semana del periodo epidémico de esta temporada continua el predominio de virus de la gripe
B en gran parte del territorio vigilado, aunque se identifica una circulación mixta de virus B y escasa contribución de virus A(H1N1)pdm09, de distribución heterogénea en España.
En la semana 05/2013, la tasa global de incidencia de gripe es de 202,71 casos por 100.000 habitantes,
con una evolución creciente respecto a la semana previa.
De las 414 muestras centinela enviadas para confirmación virológica, 205 han sido positivas (49,5%).
Desde el inicio de la temporada se han notificado 912 detecciones de virus de la gripe: 85% de virus B,
15% de A (82% de A(H1N1)pdm09 entre los subtipados) y 0,2% de C.
La tasa de detección de VRS es del 19,4%, en descenso desde la semana 52/2012 (50%).
Desde la semana 40/2012 se han notificado 63 casos graves hospitalizados confirmados de gripe en once
CCAA, un 68% por virus de la gripe B y un 32% por virus A [85% A(H1N1)pdm09 y 15% A(H3N2), entre
los subtipados].
Desde el inicio de la temporada se han registrado tres defunciones entre los casos graves hospitalizados
confirmados de gripe, dos por virus B y una por virus A(H3N2). Todos ellos presentaban factores de riesgo
de complicaciones de gripe.
A nivel mundial, el virus de la gripe tipo A se ha detectado con más frecuencia (82%) que el de tipo B
(18%). El virus más detectado en el continente europeo es el A(H1N1)pdm09, con predominio de virus B
en varios países del oeste, una distribución diferente a la observada en Norte América, en donde el A
(H1N1)pdm09 es poco común.</subfield>
   </datafield>
   <datafield ind1="8" ind2=" " tag="024">
      <subfield code="a">http://hdl.handle.net/20.500.12105/10536</subfield>
   </datafield>
   <datafield tag="653" ind2=" " ind1=" ">
      <subfield code="a">Gripe</subfield>
   </datafield>
   <datafield tag="653" ind2=" " ind1=" ">
      <subfield code="a">Vigilancia Epidemiológica</subfield>
   </datafield>
   <datafield ind2="0" ind1="0" tag="245">
      <subfield code="a">Informe semanal de Vigilancia de la Gripe en España Semana 05/2013 (28 de enero - 3 de febrero 2013) Nº 337. 7 de febrero de 2013</subfield>
   </datafield>
</record></metadata></record></GetRecord></OAI-PMH>